Регионална библиотека "Любен Каравелов" - Русе

Tales from China (Запис номер 470681)

MARC детайли
000 -Лидер
Контролно поле с фиксирана дължина nam a22 a 4500
003 - Код на организацията, давaща контролен номер
Контролно поле BLK
005 - Дата и час на последна редакция
Контролно поле 20220907165922.0
008 - Елементи от данни с фиксирана дължина
fixed length control field 220817b bu |||||r|||| 00| | bu d
020 ## - Международен стандартен номер на книга ISBN
Международен стандартен номер на книга ISBN 9780192750785
040 ## - Източник на каталожния запис
Transcribing agency BLK
Идентификатор на билиотеката - собственик на записа BLK
041 ## - Код за език
Код за езика на текст/звукозапис или на отделно заглавие Английски
Код за езика КДБФ Английски
080 ## - УДК
Текстов определител УДК Китайска литература
УДК код - определител по УДК 821.581
УДК определител -34
УДК - код + определител 821.581-34
100 ## - Редна дума - Автор
Автор Birch, Cyril
Дати, свързани с автора 1925-
R(LIN) 1280
Авторска отговорност преразк.
139 ## - Редно поле
Редна дума Birch, Cyril
Авторски знак Bir - B 61
245 10 - Сведения за заглавието
Заглавие Tales from China
Редно поле (дума) retold by Cyril Birch ; ill. by Rosamund Fowler.
260 ## - Област на издателските данни
Място на издаване, разпространение и проч. Oxford ;
-- New York :
Име на издателя, разпространителя и проч. Oxford Univ. Press
Година на издаване 2000.
9 (RLIN) 209826
Издателство - префикс ISBN 978-0-19-
300 ## - Физическа характеристика
Страници 195 p.
Илюстрации и др. ill.
Размери/Мащаб 20 cm
380 ## - Жанр
Жанр Худож. лит.
700 ## - Други автори (авторска отговорност)
Лично име Fowler, Rosamund
Автороска отговорност (Описва отношението между автора и произведението) ill.
9 (RLIN) 130
852 ## - Местоположение
Фондова буква ЧЧЗО - англ. ез. - Британски съвет
Систематично-азбучна сигнатура 821-34/B 61 C
999 ## - СИСТЕМНИ КОНТРОЛНИ НОМЕРА
Koha biblionumber 470681
Koha biblioitemnumber 470681
942 ## - АРТИКУЛИ
Вид на библиотечния материал Книги
Скрит в OPAC Не
Периодичен библиозапис Да
944 ## - СЪЗДАВАНЕ И РЕДАКЦИЯ на ЗАПИСА
Създаване/Редакция Създаване
Дата на регистрацията/редакция 2022-08-17
Служител, извършил регистрацията/редакцията ГГГ
999 ## - СИСТЕМНИ КОНТРОЛНИ НОМЕРА
Koha biblioitemnumber 470681
Наличности
Код за отписване Код за изгубен артикул Източник на класификационната схема Код за повреда Коз за рестрикции Код за отдаване Артикулен № Име на библиотеката - собственик Име на библиотеката, в която се намира в момента Статус (Текущо местоположение) Дата на вписване в системата Местоположение - отдел Цена в лева Систематично азбучна сигнатура Баркод Цена в евро Служебен тип на артикула
  Не е изгубен Universal Decimal Classification Не е повреден без рестрикции заемане за дома 900778 Регионална библиотека "Любен Каравелов" Русе Регионална библиотека "Любен Каравелов" Русе ЧЧЗО - англ. ез. - Британски съвет 2022-08-18 ЧЧЗО - англ. ез. - Британски съвет 5.00 821-31/B 61 C 120000874423 2.56 Книги
Vip Innovations Ltd, Rousse, Bulgaria 2025